Welcome to CU Library Online Public Access Catalogue (OPAC)

ERP in distribution / (Record no. 9116)

MARC details
000 -LEADER
fixed length control field 01095cam a22002774a 4500
001 - CONTROL NUMBER
control field 13457727
005 - DATE AND TIME OF LATEST TRANSACTION
control field 20260318183522.0
008 - FIXED-LENGTH DATA ELEMENTS--GENERAL INFORMATION
fixed length control field 040114s2005 ohua b 001 0 eng
020 ## - INTERNATIONAL STANDARD BOOK NUMBER
International Standard Book Number 0324178727
020 ## - INTERNATIONAL STANDARD BOOK NUMBER
International Standard Book Number 9780324178722
050 00 - LIBRARY OF CONGRESS CALL NUMBER
Classification number HD38.5
Item number .L39 2005
082 00 - DEWEY DECIMAL CLASSIFICATION NUMBER
Classification number 658.74/88
Edition information 22
100 1# - MAIN ENTRY--PERSONAL NAME
Personal name Lawrence, F. Barry,
Dates associated with a name 1958-
245 10 - TITLE STATEMENT
Title ERP in distribution /
Statement of responsibility, etc. F. Barry Lawrence, Daniel F. Jennings, Brian E. Reynolds.
260 ## - PUBLICATION, DISTRIBUTION, ETC.
Place of publication, distribution, etc. Mason, Ohio :
Name of publisher, distributor, etc. Thomson/South-Western,
Date of publication, distribution, etc. c2005.
300 ## - PHYSICAL DESCRIPTION
Extent xvii, 347 p. :
Other physical details ill. ;
Dimensions 27 cm.
650 #0 - SUBJECT ADDED ENTRY--TOPICAL TERM
Topical term or geographic name entry element Business logistics
General subdivision Data processing.
650 #0 - SUBJECT ADDED ENTRY--TOPICAL TERM
Topical term or geographic name entry element Management information systems.
650 #0 - SUBJECT ADDED ENTRY--TOPICAL TERM
Topical term or geographic name entry element Electronic commerce.
700 1# - ADDED ENTRY--PERSONAL NAME
Personal name Jennings, Daniel F.
700 1# - ADDED ENTRY--PERSONAL NAME
Personal name Reynolds, Brian E.,
Dates associated with a name 1949-
856 42 - ELECTRONIC LOCATION AND ACCESS
Materials specified Contributor biographical information
Uniform Resource Identifier <a href="http://www.loc.gov/catdir/enhancements/fy1302/2004100554-b.html">http://www.loc.gov/catdir/enhancements/fy1302/2004100554-b.html</a>
856 42 - ELECTRONIC LOCATION AND ACCESS
Materials specified Publisher description
Uniform Resource Identifier <a href="http://www.loc.gov/catdir/enhancements/fy1302/2004100554-d.html">http://www.loc.gov/catdir/enhancements/fy1302/2004100554-d.html</a>
856 41 - ELECTRONIC LOCATION AND ACCESS
Materials specified Table of contents only
Uniform Resource Identifier <a href="http://www.loc.gov/catdir/enhancements/fy1302/2004100554-t.html">http://www.loc.gov/catdir/enhancements/fy1302/2004100554-t.html</a>
942 ## - ADDED ENTRY ELEMENTS (KOHA)
Source of classification or shelving scheme Library of Congress Classification
Koha item type Books
Suppress in OPAC No
999 ## -
-- 9116
-- 9116
Holdings
Withdrawn status Lost status Source of classification or shelving scheme Damaged status Not for loan Collection Home library Current library Shelving location Date acquired Total checkouts Full call number Barcode Date last seen Copy number Price effective from Koha item type
    Library of Congress Classification     Non-fiction Business Library (Miotso) Business Library (Miotso) General stacks 03/18/2026   HD38.5 .L39 2005 BSSM00002890 03/18/2026 1 03/18/2026 Books
© 2023-2024 Copyright: Central University Libraries. All Rights Reserved | Created by: Mahone Tech Office